00793nam a2200229Ia 450000500170000000800410001702000150005804000560007304100080012910000390013724500960017626000580027230000180033049000280034865000150037665000300039165000260042165000280044765000170047565100240049265100470051620211108102917.0130821s1998 ck gr spa  a9586017761 aCO-BoUCMbspacJose A. Gerena (modificó)d[Nuevo]00aspa1 aGutierrez Sanin, Francisco Aurelio13aLa ciudad representada bpolítica y conflicto en BogotácFrancisco Gutiérrez Sanín aBogotá (Cundinamarca, Colombia)bTercer Mundoc1998 a246 páginas aCiudades y Ciudadanía07aDemocracia07aParticipación ciudadana07aPolítica y gobierno07aSociología política07aSociología 4aBogotá (Colombia) 4aBogotá (Colombia)xPolítica y gobierno